SUPERIOR processing & processing aid rubbers (SP/PA rubbers)

Bibliographic Details
Corporate Author: Lembaga Getah Malaysia
Other Authors: Abu Amu, Khoo
Format: Book
Published: Kuala Lumpur : Malaysian Rubber Board , 2003
Series:Malaysian Rubber Board monograph ; no. 11
Subjects:

MARC

LEADER 00000cam a2200000 7i4500
001 0000002832
005 20040120.0
020 0 0 |a 9832088100 
090 0 0 |a 678.309595   |b SUP 2003 
245 0 0 |a SUPERIOR processing & processing aid rubbers (SP/PA rubbers)   |c edited by Khoo Teng Cheang & Abu Amu 
260 0 0 |a Kuala Lumpur :   |b Malaysian Rubber Board ,   |c 2003 
300 |a 18 p. :   |b col. ill. ;   |c 22 cm. 
440 0 0 |a Malaysian Rubber Board monograph ; no. 11 
650 0 0 |a Rubber goods   |z Malaysia 
700 0 1 |a Abu Amu 
700 0 1 |a Khoo   |h Teng Cheang 
710 1 1 |a Lembaga Getah Malaysia 
998 |a JPSM 
999 |a 0000004191   |b Monograph   |c Open Shelf   |e Default branch 
999 |a 0000004689   |b Monograph   |c Open Shelf   |e Default branch